Capitals of USA states #2 - Statistics

General Stats
  • This quiz has been taken 107 times
  • The average score is 13 of 15
Answer Stats
Capital State % Correct
Salt Lake City Utah
98%
Atlanta Georgia
97%
Santa Fe New Mexico
97%
Columbus Ohio
94%
Augusta Maine
92%
Richmond Virginia
92%
Salem Oregon
91%
Madison Wisconsin
91%
Des Moines Iowa
90%
Annapolis Maryland
90%
Helena Montana
90%
Hartford Connecticut
83%
Jefferson City Missouri
81%
^^^^ City Oklahoma
62%
Springfield Illinois
51%
No matching quizzes found
Score Distribution
Percent of People with Each Score
Percentile by Number Answered
Your Score History
You have not taken this quiz